Statistics for 1 to 30 in German

Click here to take the quiz!

General Stats

  • This quiz has been taken 23 times
    (11 since last reset)
  • The average score is 26 of 30

Answer Stats

HintAnswer% Correct
8acht
100%
3drei
100%
2zwei
100%
28achtundzwanzig
90%
23dreiundzwanzig
90%
13dreizehn
90%
11elf
90%
5fünf
90%
25fünfundzwanzig
90%
15fünfzehn
90%
9neun
90%
29neunundzwanzig
90%
6sechs
90%
26sechsundzwanzig
90%
16sechzehn
90%
20zwanzig
90%
22zweiundzwanzig
90%
12zwölf
90%
18achtzehn
80%
21einundzwanzig
80%
19neunzehn
80%
7sieben
80%
27siebenundzwanzig
80%
4vier
80%
24vierundzwanzig
80%
14vierzehn
80%
10zehn
80%
1eins
70%
17siebzehn
70%
30dreissig
50%

Score Distribution

Percentile by Number Answered

Percent of People with Each Score

Your Score History

You have not taken this quiz since the last reset